000
00282nam a2200109Ia 4500
100
_a
Rao, Parimala V.
245
0
_a
Foundations of Tilak’s Nationalism
264
_b
Orient Blackswan
_c
2010
300
_a
361
942
_c
IR
999
_c
120739
_d
120739